Health and climate change : (Record no. 330327)

000 -LEADER
fixed length control field 01696cam a22004337a 4500
001 - CONTROL NUMBER
control field 11955575
003 - CONTROL NUMBER IDENTIFIER
control field NUST
005 - DATE AND TIME OF LATEST TRANSACTION
control field 20170620133613.0
008 - FIXED-LENGTH DATA ELEMENTS--GENERAL INFORMATION
fixed length control field 000327s1998 enka 001 0 eng d
010 ## - LIBRARY OF CONGRESS CONTROL NUMBER
LC control number 00276763
015 ## - NATIONAL BIBLIOGRAPHY NUMBER
National bibliography number GB98-52781
020 ## - INTERNATIONAL STANDARD BOOK NUMBER
International Standard Book Number 1853835234 (hbk.)
020 ## - INTERNATIONAL STANDARD BOOK NUMBER
International Standard Book Number 1853835226 (pbk.)
035 ## - SYSTEM CONTROL NUMBER
System control number (OCoLC)ocm39286658
040 ## - CATALOGING SOURCE
Original cataloging agency NLM
Transcribing agency NLM
Modifying agency NYP
-- AGL
-- UKM
-- DLC
042 ## - AUTHENTICATION CODE
Authentication code lccopycat
050 00 - LIBRARY OF CONGRESS CALL NUMBER
Classification number RA793
Item number .M378 1998
060 00 - NATIONAL LIBRARY OF MEDICINE CALL NUMBER
Classification number 1998 F-263
060 10 - NATIONAL LIBRARY OF MEDICINE CALL NUMBER
Classification number WA 30.5
Item number M377h 1998
070 0# - NATIONAL AGRICULTURAL LIBRARY CALL NUMBER
Classification number QC981.8.C5M37
Item number 1998
082 00 - DEWEY DECIMAL CLASSIFICATION NUMBER
Classification number 613.11 MAR
Edition number 21
100 1# - MAIN ENTRY--PERSONAL NAME
Personal name Martens, Willem Jozef Meine,
Dates associated with a name 1968-
9 (RLIN) 2961
245 10 - TITLE STATEMENT
Title Health and climate change :
Remainder of title modelling the impacts of global warming and ozone depletion /
Statement of responsibility, etc. Pim Martens.
246 14 - VARYING FORM OF TITLE
Title proper/short title Health & climate change
260 ## - PUBLICATION, DISTRIBUTION, ETC.
Place of publication, distribution, etc. London :
Name of publisher, distributor, etc. Earthscan Publications,
Date of publication, distribution, etc. 1998.
300 ## - PHYSICAL DESCRIPTION
Extent xxiv, 176 p. :
Other physical details ill. ;
Dimensions 24 cm.
440 #0 - SERIES STATEMENT/ADDED ENTRY--TITLE
Title Health and the environment series
9 (RLIN) 2962
500 ## - GENERAL NOTE
General note P.B
504 ## - BIBLIOGRAPHY, ETC. NOTE
Bibliography, etc. note Includes bibliographical references (p. [157]-173) and index.
650 #0 - SUBJECT ADDED ENTRY--TOPICAL TERM
Topical term or geographic name entry element Medical climatology.
9 (RLIN) 2963
650 #0 - SUBJECT ADDED ENTRY--TOPICAL TERM
Topical term or geographic name entry element Global warming.
9 (RLIN) 2964
650 #0 - SUBJECT ADDED ENTRY--TOPICAL TERM
Topical term or geographic name entry element Ozone layer depletion.
9 (RLIN) 2965
650 12 - SUBJECT ADDED ENTRY--TOPICAL TERM
Topical term or geographic name entry element Environmental Illness
General subdivision etiology.
9 (RLIN) 2966
650 22 - SUBJECT ADDED ENTRY--TOPICAL TERM
Topical term or geographic name entry element Greenhouse Effect.
9 (RLIN) 2967
650 22 - SUBJECT ADDED ENTRY--TOPICAL TERM
Topical term or geographic name entry element Models, Theoretical.
9 (RLIN) 2968
650 #0 - SUBJECT ADDED ENTRY--TOPICAL TERM
Topical term or geographic name entry element Climatic changes
General subdivision Health aspects
Form subdivision Mathematical models.
9 (RLIN) 2969
650 #0 - SUBJECT ADDED ENTRY--TOPICAL TERM
Topical term or geographic name entry element Global warming
General subdivision Health aspects
Form subdivision Mathematical models.
9 (RLIN) 2970
650 #0 - SUBJECT ADDED ENTRY--TOPICAL TERM
Topical term or geographic name entry element Ozone layer depletion
General subdivision Health aspects
Form subdivision Mathematical models.
9 (RLIN) 2971
906 ## - LOCAL DATA ELEMENT F, LDF (RLIN)
a 7
b cbc
c copycat
d 2
e ncip
f 20
g y-gencatlg
942 ## - ADDED ENTRY ELEMENTS (KOHA)
Source of classification or shelving scheme
Koha item type Book
Call number prefix IESE
Holdings
Withdrawn status Lost status Source of classification or shelving scheme Damaged status Not for loan Collection code Permanent Location Current Location Shelving location Date acquired Total Checkouts Full call number Barcode Date last seen Price effective from Koha item type
            Central Library (CL) Central Library (CL) General Stacks 06/20/2017   613.11 MAR IESE-37 09/28/2022 06/20/2017 Book
© 2023 Central Library, National University of Sciences and Technology. All Rights Reserved.